000 00499nam a2200193Ia 4500
005 20240823055839.0
008 240823s9999||||xx |||||||||||||| ||und||
020 _a935279404-4
041 _aENGLISH
082 _A346.540486 Q7
100 _aJain R K
245 2 _aA Guide to Drafting of Patent Applications with Special Emphasis on patent Agent Exam
250 _a1st
260 _c2017
_bABC
500 _aYES
650 _aPatent Applications
_bGeneral
942 _cBK
999 _c229743
_d229743